Carl Erzherzog von Oesterreich etc. etc. etc.

Hlavní autor: Hofbauer, Ferdinand, 1801-1864
Další autoři: Hofbauer, A., Krepp, Ignaz, 1801-1853
Jazyk: Němčina
Vydáno: [Wien] : Krepp & A. Hofbauer, [mezi 1820 a 1845]
Témata:
Externí odkaz: Digitalizovaný dokument (klikněte pro zobrazení)
Fyzický popis: 1 list : litografie ; 42 x 30,4 cm
Grafika
Uloženo v:
LEADER 01137nkm a2200301 a 4500
001 mzk03001026809
003 CZ BrMZK
005 20260225110533.0
007 kj bo|
008 050627q18201845au ||| f || k|gerod
040 |a BOA001  |b cze 
072 7 |a 76  |x Grafické umění. Grafika  |2 Konspekt  |9 21 
080 |a (0.026.6)76  |2 MRF 
080 |a (0:82-94)  |2 MRF 
100 1 |a Hofbauer, Ferdinand,  |d 1801-1864  |4 aut 
245 1 0 |a Carl Erzherzog von Oesterreich etc. etc. etc.  |h [grafika] /  |c Ferd. Hofbauer del. Krepp & A. Hofbauer sc. 
260 |a [Wien] :  |b Krepp & A. Hofbauer,  |c [mezi 1820 a 1845] 
300 |a 1 list :  |b litografie ;  |c 42 x 30,4 cm 
600 0 4 |a Karel,  |c rakouský arcivévoda,  |d 1771-1847  |7 xx0008725 
655 7 |a grafické listy  |7 fd132404  |2 czenas 
655 7 |a portréty  |7 fd133099  |2 czenas 
700 1 |a Hofbauer, A.  |4 pbl 
700 1 |a Krepp, Ignaz,  |d 1801-1853  |7 mzk2012693857  |4 pbl 
856 4 1 |u http://www.digitalniknihovna.cz/mzk/view/uuid:5e15de1e-5948-4a9e-8190-5a5198278de4  |y Digitalizovaný dokument (klikněte pro zobrazení) 
910 |a BOA001  |b Skř.2L-0091.211 
985 |a 1801-1850 
990 |a GP 
991 |k mzk